El atlas de le monde diplomatique iv: mundos emergentes /
Guardado en:
| Autor Principal: | |
|---|---|
| Formato: | Libro |
| Publicado: |
Buenos Aires :
Capital Intelectural,
2012
|
| Materias: | |
| Etiquetas: |
Agregar Etiqueta
Sin Etiquetas, Sea el primero en etiquetar este registro!
|
| LEADER | 00529nam a22001695a 4500 | ||
|---|---|---|---|
| 001 | CEM.cems013780 | ||
| 005 | 20121212135506.0 | ||
| 008 | 130507s2012##################000#0#####d | ||
| 003 | CEMS | ||
| 020 | |a 9789876143899 | ||
| 082 | 0 | 4 | |a 910.3 |
| 100 | 1 | |a Bulard, Martine | |
| 245 | 1 | 0 | |a El atlas de le monde diplomatique iv: mundos emergentes / |c Martine Bulard...[et.Al.] |
| 260 | |a Buenos Aires : |b Capital Intelectural, |c 2012 | ||
| 300 | |a 192 p. | ||
| 653 | |a Atlas | ||
| 859 | |a CEMS |b BIB. CEMS - 11 de abril |h 910.3 |i G867 |p 26531.12 |t Ej.1 |v 2012 |3 2012 | ||
